| Tag |
First Indicator |
Second Indicator |
Subfields |
| LEADER |
00000cam a2200000 4500 |
| 001 |
in00000038725 |
| 005 |
20151007081237.0 |
| 008 |
770511s1917 nyu 00010 engm |
| 010 |
|
|
|a 17004988
|
| 035 |
|
|
|a (OCoLC)02954399
|
| 035 |
|
|
|9 AAF6092AM
|
| 040 |
|
|
|a DLC
|c EMU
|d EMU
|d TXA
|d UtOrBLW
|
| 049 |
|
|
|a TXAM
|c [9023]
|
| 050 |
0 |
0 |
|a JK1901
|b .C32
|
| 092 |
|
|
|a 324
|b C368w
|
| 100 |
1 |
|
|a Catt, Carrie Chapman,
|d 1859-1947.
|
| 245 |
1 |
0 |
|a Woman suffrage by federal constitutional amendment /
|c compiled by Carrie Chapman Catt.
|
| 264 |
|
1 |
|a New York :
|b National Woman Suffrage Pub. Co.,
|c 1917.
|
| 300 |
|
|
|a 16 unnumbered pages, 100 pages ;
|c 19 cm.
|
| 336 |
|
|
|a text
|b txt
|2 rdacontent
|
| 337 |
|
|
|a unmediated
|b n
|2 rdamedia
|
| 338 |
|
|
|a volume
|b nc
|2 rdacarrier
|
| 490 |
1 |
|
|a National suffrage library
|
| 505 |
0 |
|
|a Why the federal amendment? By Carrie C. Catt.--State constitutional obstructions, by Mary S. Boyd.--Election laws and referenda, by Carrie C. Catt.--The story of the 1916 referenda, by Carrie C. Catt.--Federal action and states rights, by H. W. Rogers.--Objections to the federal amendment, by Carrie C. Catt.
|
| 650 |
|
0 |
|a Women
|x Suffrage
|z United States.
|
| 830 |
|
0 |
|a National suffrage library.
|
| 999 |
|
|
|a MARS
|
| 999 |
f |
f |
|s afa18d5c-cfbe-3b5d-9598-7a62ff207d9b
|i 1fefbee5-cecc-3685-b416-c49ea84722b9
|t 0
|
| 952 |
f |
f |
|p ric
|a Texas A&M University
|b Rellis Campus
|c Joint Library Facility
|d Remote Storage
|t 0
|e JK1901 .C32
|h Library of Congress classification
|i unmediated -- volume
|m A14800667639
|
| 998 |
f |
f |
|a JK1901 .C32
|t 0
|l Remote Storage
|